[Event "US Amateur West-ch"]
[Site "Palo Verde"]
[Date "2003.05.26"]
[Round "6"]
[White "Moskala, Edward"]
[Black "Rodriguez, Orlando"]
[Result "0-1"]
[WhiteElo "1415"]
[BlackElo "1797"]
[PlyCount "65"]
[EventDate "2003.05.24"]
[EventType "swiss"]
[EventRounds "6"]
[EventCountry "USA"]
[SourceTitle "EXT 2014"]
[Source "ChessBase"]
[SourceDate "2013.11.20"]
[SourceVersion "1"]
[SourceVersionDate "2013.11.20"]
[SourceQuality "1"]

1. e4 c5 2. Nf3 d6 3. Bb5+ Nd7 4. d4 cxd4 5. Nxd4 Ngf6 6. Nc3 e6 7. h4 a6 8. Be2 Be7 9. f3 b5 10. Be3 0-0 11. Qd2 Bb7 12. Nd1 Rc8 13. Nf2 Nh5 14. 0-0-0 Ng3 15. Rh3 Nxe2+ 16. Nxe2 Ne5 17. b3 Qc7 18. f4 Nc6 19. g4 Nb4 20. c3 Rfd8 21. g5 d5 22. e5 a5 23. Kb2 Na6 24. Rc1 Nc5 25. Bd4 a4 26. b4 Ne4 27. Nxe4 dxe4 28. Qe3 Qc4 29. h5 Bd5 30. Ra1 Bxb4 31. Qd2 a3+ 32. Kc2 Bc5 33. Kd1 0-1

[Event "US Amateur West-ch"]
[Site "Palo Verde"]
[Date "2003.05.24"]
[Round "2"]
[White "Moskala, Edward"]
[Black "Lebovitz, Andrew"]
[Result "0-1"]
[WhiteElo "1415"]
[BlackElo "1894"]
[PlyCount "66"]
[EventDate "2003.05.24"]
[EventType "swiss"]
[EventRounds "6"]
[EventCountry "USA"]
[SourceTitle "EXT 2014"]
[Source "ChessBase"]
[SourceDate "2013.11.20"]
[SourceVersion "1"]
[SourceVersionDate "2013.11.20"]
[SourceQuality "1"]

1. e4 c5 2. Nf3 d6 3. d4 cxd4 4. Nxd4 Nf6 5. Nc3 a6 6. f3 e6 7. Be3 b5 8. Be2 Nbd7 9. Qd2 Bb7 10. Nb3 Rc8 11. 0-0-0 b4 12. Nb1 d5 13. exd5 Nxd5 14. Bf2 Be7 15. Qe1 Qc7 16. c4 bxc3 17. bxc3 Nxc3 18. Nxc3 Bb4 19. Bd4 e5 20. Kb1 0-0 21. Rc1 exd4 22. Nxd4 Bxc3 23. Qd1 Qe5 24. Nb3 Nc5 25. Rxc3 Qxc3 26. Nxc5 Qxc5 27. Qb3 Bd5 28. Qd3 Rfd8 29. Kb2 Be6 30. Qxd8+ Rxd8 31. Rc1 Rd2+ 32. Kb1 Qb4+ 33. Ka1 Qb2# 0-1